000 00649nam a2200277Ia 4500
005 20260324120348.0
008 008 260324s9999 xx 000 0 eng d
020 _a9780429157899
037 _aEBOOK
040 _aCRL
040 _beng
040 _cCRL
041 _2eng
041 _aeng
084 _qCRL
100 _aVasyl Tomashyk
_91145129
245 0 _aMultinary Alloys Based on II-VI Semiconductors
260 _bTaylor and Francis
260 _c2015
365 _a
365 _b560
856 _uhttp://www.taylorfrancis.com/books/9780429157899
942 _cEBOOK
999 _c1749758
_d1749758